Copepods in aquaculture (Record no. 77362)
[ view plain ]
| 000 -LEADER | |
|---|---|
| fixed length control field | 01400nam a22003614a 4500 |
| 082 04 - DEWEY DECIMAL CLASSIFICATION NUMBER | |
| Classification number | 639.3/2 |
| 245 00 - TITLE STATEMENT | |
| Title | Copepods in aquaculture |
| 250 ## - EDITION STATEMENT | |
| Edition statement | 1st ed. |
| 260 ## - PUBLICATION, DISTRIBUTION, ETC. (IMPRINT) | |
| Place of publication | Ames, Iowa : |
| Name of publisher | Blackwell Pub., |
| Year of publication | c2005. |
| 300 ## - PHYSICAL DESCRIPTION | |
| Number of Pages | xiii, 269 p. : |
| Other physical details | ill. |
| 500 ## - GENERAL NOTE | |
| General note | Papers presented at a workshop held in Honolulu, Hawaii, May 5-8, 2003. |
| 650 #0 - SUBJECT ADDED ENTRY--TOPICAL TERM | |
| Topical Term | Fishes |
| Topical Term | Copepoda |
| 700 1# - ADDED ENTRY--PERSONAL NAME | |
| Personal name | Lee, Cheng-Sheng. |
| Personal name | O'Bryen, P. J. |
| Personal name | Marcus, Nancy H. |
| 856 40 - ELECTRONIC LOCATION AND ACCESS | |
| Uniform Resource Identifier | http://site.ebrary.com/lib/rucke/Doc?id=10296563 |
No items available.
